Ce concurrent engineering : (Record no. 344266)
[ view plain ]
| 000 -LEADER | |
|---|---|
| fixed length control field | 02071 a2200205 4500 |
| 020 ## - INTERNATIONAL STANDARD BOOK NUMBER | |
| International Standard Book Number | 0201563495 |
| 020 ## - INTERNATIONAL STANDARD BOOK NUMBER | |
| International Standard Book Number | 9780201563498 |
| 082 04 - DEWEY DECIMAL CLASSIFICATION NUMBER | |
| Classification number | 658.5 |
| 090 ## - LOCALLY ASSIGNED LC-TYPE CALL NUMBER (OCLC); LOCAL CALL NUMBER (RLIN) | |
| -- | 1752 |
| -- | 1752 |
| 100 1# - MAIN ENTRY--PERSONAL NAME | |
| Personal name | Carter, Donald E. |
| 245 10 - TITLE STATEMENT | |
| Title | Ce concurrent engineering : |
| Remainder of title | the product development environment for the 1990s / |
| Statement of responsibility, etc. | Donald E. Carter. |
| 260 ## - PUBLICATION, DISTRIBUTION, ETC. | |
| Place of publication, distribution, etc. | [S.l.] : |
| Name of publisher, distributor, etc. | Addison Wesley Publishing Company, |
| Date of publication, distribution, etc. | 1992. |
| 300 ## - PHYSICAL DESCRIPTION | |
| Extent | 175 p. ; |
| Dimensions | 24 cm. |
| 500 ## - GENERAL NOTE | |
| General note | Hardcover. |
| 520 ## - SUMMARY, ETC. | |
| Summary, etc. | There are new rules in high-tech product design today for companies wanting to be world-class contenders. Learn how to draw on the best resources your company has to offer in design, manufacturing, marketing and service as early as possible and your products will be the right products the first time out. This teamwork-oriented approach to product design is Concurrent Engineering. Here's the book that will help you understand the essential dimensions of concurrent engineering and how you will reap the benefits of producing better designed products. You will reduce time-to-market delivery, experience cost savings, and satisfy even more customers. In Concurrent Engineering: The Product Development Environment for the 1990s you will examine the five forces of change that you must contend with in competitive product design: technology, tools, tasks, talent, and time. You will uncover valuable resources within your own company by understanding how new multifunctional teams, made up of individuals from R&D, marketing, manufacturing and other key areas, will ensure that product design options are plausible before spending time and money. Whether you are an engineer or product manager, you will discover valuable guidance in this book on how to transform your product development approach to concurrent engineering. 0201563495B04062001. |
| 700 1# - ADDED ENTRY--PERSONAL NAME | |
| Personal name | Baker, Barbara Stilwell. |
| 856 40 - ELECTRONIC LOCATION AND ACCESS | |
| Materials specified | Amazon.com |
| Uniform Resource Identifier | <a href="http://www.amazon.com/exec/obidos/ASIN/0201563495/chopaconline-20">http://www.amazon.com/exec/obidos/ASIN/0201563495/chopaconline-20</a> |
| 856 40 - ELECTRONIC LOCATION AND ACCESS | |
| Materials specified | Amazon customer reviews |
| Uniform Resource Identifier | <a href="http://www.chopac.org/cgi-bin/tools/azrev.pl?q=0201563495">http://www.chopac.org/cgi-bin/tools/azrev.pl?q=0201563495</a> |
| 942 ## - ADDED ENTRY ELEMENTS (KOHA) | |
| Institution code [OBSOLETE] | NBS |
| Koha item type | Book |
| Call number prefix | 620 CON |
| Withdrawn status | Lost status | Damaged status | Not for loan | Permanent Location | Current Location | Date acquired | Total Checkouts | Full call number | Barcode | Date last seen | Price effective from | Koha item type |
|---|---|---|---|---|---|---|---|---|---|---|---|---|
| Central Library (CL) | Central Library (CL) | 08/28/2013 | 620 CON | NBS3706 | 08/28/2013 | 08/28/2013 | Book |
